| 000 | 00381 a2200157 4500 | ||
|---|---|---|---|
| 001 | 171316 | ||
| 020 | _a | ||
| 040 | _cMagnum | ||
| 100 | _aCarvalho, Jose Murilo de | ||
| 240 | 1 | 0 |
_aCidadania no brasil: o longo caminho _lpor |
| 245 | 1 | 0 | _aCidadania no brasil: o longo caminho |
| 362 | 0 | _a1899 | |
| 440 | 1 | _aCivilização Brasileira | |
| 697 | _aHISTORIA GERAL | ||
| 942 | _cBK | ||
| 999 |
_c171316 _d171316 |
||